<?xml version="1.0" encoding="UTF-8"?><?xml-stylesheet type="text/xsl" href="static/style.xsl"?><OAI-PMH xmlns="http://www.openarchives.org/OAI/2.0/" xmlns:xsi="http://www.w3.org/2001/XMLSchema-instance" xsi:schemaLocation="http://www.openarchives.org/OAI/2.0/ http://www.openarchives.org/OAI/2.0/OAI-PMH.xsd"><responseDate>2026-04-17T13:17:02Z</responseDate><request verb="GetRecord" identifier="oai:www.recercat.cat:10459.1/63270" metadataPrefix="marc">https://recercat.cat/oai/request</request><GetRecord><record><header><identifier>oai:recercat.cat:10459.1/63270</identifier><datestamp>2024-12-05T21:48:12Z</datestamp><setSpec>com_2072_3622</setSpec><setSpec>col_2072_479130</setSpec></header><metadata><record xmlns="http://www.loc.gov/MARC21/slim" xmlns:dcterms="http://purl.org/dc/terms/" xmlns:xsi="http://www.w3.org/2001/XMLSchema-instance" xmlns:doc="http://www.lyncode.com/xoai" xsi:schemaLocation="http://www.loc.gov/MARC21/slim http://www.loc.gov/standards/marcxml/schema/MARC21slim.xsd">
   <leader>00925njm 22002777a 4500</leader>
   <datafield ind2=" " ind1=" " tag="042">
      <subfield code="a">dc</subfield>
   </datafield>
   <datafield ind2=" " ind1=" " tag="720">
      <subfield code="a">Almacellas Gort, Jaume</subfield>
      <subfield code="e">author</subfield>
   </datafield>
   <datafield ind2=" " ind1=" " tag="720">
      <subfield code="a">Perdiguer Brun, Agustín</subfield>
      <subfield code="e">author</subfield>
   </datafield>
   <datafield ind2=" " ind1=" " tag="260">
      <subfield code="c">2018-05-14T10:09:23Z</subfield>
   </datafield>
   <datafield ind2=" " ind1=" " tag="260">
      <subfield code="c">2018-05-14T10:09:23Z</subfield>
   </datafield>
   <datafield ind2=" " ind1=" " tag="260">
      <subfield code="c">2007</subfield>
   </datafield>
   <datafield ind2=" " ind1=" " tag="520">
      <subfield code="a">La alfalfa es el tercer cultivo forrajero en España en&#xd;
cuanto a superficie y el primero en producción cosechada.&#xd;
El 2006 se cultivaron unas 255.700 ha (MAPA,&#xd;
2007) de las cuales el 75% aproximadamente está en regadío,&#xd;
con una producción de 13.077.800 toneladas.&#xd;
La principal zona productora de alfalfa es el nordeste&#xd;
de España, que integra el valle del Ebro, acogiendo el&#xd;
59% de la superficie nacional y el 66% de la producción.&#xd;
En esta área, la alfalfa se aprovecha mediante la&#xd;
siega del 99% de la superficie sembrada, además de ser&#xd;
un cultivo tradicional que forma parte de los sistemas&#xd;
de producción en regadío y de las rotaciones de cultivos&#xd;
junto con el maíz y, en menor proporción, el trigo.&#xd;
En este artículo se analizan las principales plagas del&#xd;
cultivo, los métodos de control y las materias activas y&#xd;
productos disponibles para el mismo.</subfield>
   </datafield>
   <datafield ind1="8" ind2=" " tag="024">
      <subfield code="a">http://hdl.handle.net/10459.1/63270</subfield>
   </datafield>
   <datafield ind2="0" ind1="0" tag="245">
      <subfield code="a">Las plagas de la alfalfa y su control químico y biológico</subfield>
   </datafield>
</record></metadata></record></GetRecord></OAI-PMH>